000 00749nam a22002417a 4500
005 20170124105912.0
010 _a707318
020 _a706902416
_c00.00
035 _a707318
037 _bCen Lib/Ret
040 _aDPL
_bEN
082 _a010
_bRAN
100 _aRanganathan, S. R.
_9112530
245 _aDocumention :
_cby S. R. Ranganathan
_bgenesis and development /
260 _aDelhi
_bVikas Publishing House
_c1973
270 _a5 Daryaganj, Ansari Road
_bDelhi
_e110006
300 _a310p.
_c22cm(Hb)
490 _aSarada Ranganathan endowment for library science series
_v3
500 _aIncludes index
650 _aLibrary Science
_9112531
650 _aDocumentation service
_91045
942 _2ddc
_cEN
_h010
_mRAN
999 _c122592
_d122592